Le football français de A à Z - Statistiques

Statistiques générales
  • Ce quiz a été pris 245 fois
  • Le résultat moyen est 13 sur 26
Statistiques - réponses
Lettre Indice Réponse % Correct
D 1er capitaine à lever la ligue des champions puis la coupe du monde comme joueur et celle-ci comme entraineur Deschamps
95%
C "The King" à Manchester United Cantona
86%
B Auteur du seul but de la finale OM-Milan AC en 1993 Boli
84%
N Les Canaris portent les couleurs du club de cette ville Nantes
81%
A Ville du 1er club professionnel de Raymond Kopa Angers
79%
R Ville du 1er club français finaliste d'une coupe d'Europe Reims
75%
G Le Chaudron de Saint-Étienne Geoffroy Guichard
74%
I Jonathan passé par le PSG, le LOSC : il fait le bonheur de la Fiorentina Ikoné
74%
Z Double buteur en finale de coupe du Monde 1998 Zidane
73%
U Auteur du but vainqueur en demi-finale de coupe du monde 2018, il cassait la démarche Umtiti
72%
S Club historique français, en Franche-Comté, longtemps sponsorisé par Peugeot Sochaux
69%
F Stade hôte d'une épouvantable catastrophe en 1992 Furiani
63%
P VA, Bruges, Marseille, Milan, Munich, Bordeaux, Guingamp pour cet attaquant des années 90 Papin
58%
W Les italiens sont sur le banc de touche, prêt à bondir lors de cette finale de l'euro 2000. Mais il y a une égalisation de... Wiltord
55%
Y Plus difficile : Mapou, international français, champion avec Montpellier en 2012 Yanga-Mbiwa
45%
O Stade du Havre depuis 2012 Océane
40%
T Lors de la saison 1991-1992, l'OM ne perdra que 3 matches. Contre Lens et.. Toulon
40%
H Entraineur de l'équipe de France vainqueur de l'Euro en 1984 Hidalgo
36%
J Club féminin champion de France à six reprises de 1992 à 2006 Juvisy
34%
K Quel coup de tête du défenseur parisien face au Real pour envoyer son club en demi Kombouaré
32%
V Attaquant des années 90 à la coupe mulet, fan de rock, idole lensoise Vairelles
28%
E Joueur à l'origine du scandale VA-OM Eydelie
12%
X "Monsieur Xu", champion olympique en 1984 Xuereb
12%
L Auteur du 1er but en coupe du monde en 1930 Laurent
10%
M Le sanglier des Ardennes, longtemps détenteur du record de sélection Marche
6%
Q Auteur du but contre son camp le plus "beau" de l'histoire du championnat français en 2001 Queudrue
5%
Aucun quiz correspondant
Distribution des résultats
% des personnes avec chaque résultat
Percentile par nombre de réponses
Votre historique - résultats
Vous n’avez pas pris ce quiz